书目信息 |
| 题名: |
梵高传
|
|
| 作者: | 奈菲 , 史密斯 著 ;沈语冰 译 | |
| 分册: | ||
| 出版信息: | 南京 译林出版社 2015.10 |
|
| 页数: | 895页 | |
| 开本: | 24cm | |
| 丛书名: | 传记译林 | |
| 单 册: | ||
| 中图分类: | K835.635.72=43 | |
| 科图分类: | ||
| 主题词: | 画家--hua jia--传记--荷兰--近代 | |
| 电子资源: | ||
| ISBN: | 978-7-5447-5388-3 | |
| 000 | 01254nam 2200301 450 | |
| 001 | 002021096592 | |
| 005 | 20211025120147.0 | |
| 010 | @a978-7-5447-5388-3@b精装@dCNY128.00 | |
| 100 | @a20160810d2015 em y0chiy50 ea | |
| 101 | 1 | @achi@ceng |
| 102 | @aCN@b320000 | |
| 105 | @aab z 000yb | |
| 200 | 1 | @a梵高传@Afan gao zhuan@f史蒂文·奈菲, 格雷戈里·怀特·史密斯著@g沈语冰等译 |
| 210 | @a南京@c译林出版社@d2015.10 | |
| 215 | @a895页@c图, 地图@d24cm | |
| 225 | 2 | @a传记译林@Azhuan ji yi lin |
| 312 | @a英文题名取自版权页 | |
| 330 | @a本书对梵高这位伟大艺术家过于浪漫的生活做出了重大的再认识, 讲述了他早期为赢得容身之地所作的斗争, 他与弟弟提奥极其深密却紧张的关系, 他丰厚广博的文学艺术修养, 他恣意又狂乱的私生活, 他炽热而旺盛的创造力, 他遗传自家族的精神疾病, 他“自杀”案件中的重重疑云等等。 | |
| 410 | 0 | @12001 @a传记译林 |
| 500 | 10 | @aVan Gogh: the life@mChinese |
| 600 | 1 | @a凡高,@Afan gao@g(Van Gogh, Vincent)@f1853-1890@x传记 |
| 606 | 0 | @a画家@Ahua jia@x传记@y荷兰@z近代 |
| 690 | @aK835.635.72=43@v5 | |
| 701 | 1 | @a奈菲@Anai fei@g(Naifeh, Steven)@4著 |
| 701 | 1 | @a史密斯@Ashi mi si@g(Smith, Gregory White)@4著 |
| 702 | 0 | @a沈语冰@Ashen yu bing@4译 |
| 801 | 0 | @aCN@c20210909 |
| 905 | @a河南城建学院图书馆@dK835.635.72=43@eF173 | |
| 梵高传/史蒂文·奈菲, 格雷戈里·怀特·史密斯著/沈语冰等译.-南京:译林出版社,2015.10 |
| 895页:图, 地图;24cm.-(传记译林) |
| ISBN 978-7-5447-5388-3(精装):CNY128.00 |
| 本书对梵高这位伟大艺术家过于浪漫的生活做出了重大的再认识, 讲述了他早期为赢得容身之地所作的斗争, 他与弟弟提奥极其深密却紧张的关系, 他丰厚广博的文学艺术修养, 他恣意又狂乱的私生活, 他炽热而旺盛的创造力, 他遗传自家族的精神疾病, 他“自杀”案件中的重重疑云等等。 |
| ● |
| 相关链接 |
|
|
|
正题名:梵高传
索取号:K835.635.72=43/F173
 
预约/预借
| 序号 | 登录号 | 条形码 | 馆藏地/架位号 | 状态 | 备注 |
| 1 | 1543391 | 215433911 | 社科库309/309社科库 1排2列4层/ [索取号:K835.635.72=43/F173] | 在馆 |